History Quiz

Random History or Decade Quiz
Score 0/36 Timer 05:00
9 Plays Today
% Correct
Albert
96.4%
Woodrow
95.9%
Panama
95.7%
Ford
94.8%
Machu
93.8%
League of
92.8%
Tarzan of the
90.8%
RMS
90.1%
Vladimir
89.1%
Spanish
87.1%
Franz
85.9%
Mata
81.4%
Booker T.
79.7%
Grigori
77.3%
In Flanders
74.3%
Fourteen
71.7%
Red
71.1%
Howards
69.8%
% Correct
Ty
69.8%
Dulce et
67.9%
Sun
63.4%
Emiliano
59%
Easter
57%
Triple
56.7%
Black
55.5%
The Lovesong of
52.4%
War Guilt
48%
Alexander
37.4%
Porfirio
35.8%
Amritsar
30.2%
Alfred
29.4%
May
29.3%
Kasimir
28.7%
Der Blaue
27.2%
Alice
23.8%
Armory
20.5%
Remove Ads.
Support Sporcle.
Get the best of Sporcle when you Go Orange. This ad-free experience offers more features, more stats, and more fun while also helping to support Sporcle. Thank you for becoming a member.

You're not logged in!

Compare scores with friends on all Sporcle quizzes.
OR
Log In

Show Comments

Extras

Top Quizzes Today


Score Distribution

Your Account Isn't Verified!

In order to create a playlist on Sporcle, you need to verify the email address you used during registration. Go to your Sporcle Settings to finish the process.

Report this User

Report this user for behavior that violates our Community Guidelines.

Details: